000
00280 a2200145 4500
001
171068
020
_a
040
_c
Magnum
100
_a
Smith, Rod
240
1
0
_a
Cold Feet
_l
ING
245
1
0
_a
Cold Feet
362
0
_a
1899
697
_a
LITERATURA ESTRANGEIRA
942
_c
BK
999
_c
171068
_d
171068